Responses for show #8343 - Wednesday, February 24, 2021

Contestants

[<< previous game]

Ken Shen, an astrophysicist from San Francisco, California

Andrew Vaughn, a Ph.D. student from Moraga, California

Aaron Craig, a business litigation attorney originally from Toronto, Ontario, Canada (whose 1-day cash winnings total $22,027)

[next game >>]

Jeopardy! Round responses

BUY ME
SUBPOENAS
CRACKER JACKS
CITIES OF THE MIDWEST
DOUBLE-VOWEL WORDS
LET'S TALK PLUMBING
    $200 18
a chocolate bar

Aaron
    $200 3
the Watergate scandal

Aaron
    $200 23
Jack Nicholson

Aaron
    $200 13
Lincoln

Andrew
    $200 7
skiing

Ken
    $200 12
a snake

Aaron
    $400 19
the TARDIS

Ken
    $400 4
Jefferson

Aaron
    $400 24
Jack Black

Aaron
    $400 14
Champaign

Andrew
    $400 8
a bazaar

Ken
    $400 16
(Andrew: What is gallons per flow?)

gallons per flush

AaronAndrew
    $600 20
a stiletto

Ken
    $600 5
(Andrew: What are the Hollywood Five?)

the Hollywood Ten

Andrew
Triple Stumper
    $600 25
Jack Sparrow

Aaron
    $2,000 17
Manhattan

Aaron
    $600 9
soot

Aaron
    $600 28
O-ring

Ken
    $800 21
(Mike: He bought it for $150 million in 1989.)

the Dallas Cowboys

Andrew
    $800 6
(Andrew: Who is Feinstein?)

Schiff

AaronAndrew
    $800 26
Jack Johnson

Aaron
    $800 15
Columbus

Ken
    $800 10
Bluetooth

Ken
    $800 29
a hammer

Andrew
    $1000 22
scotch

Aaron
    $1000 1
Holder

Andrew
    $1000 27
Jack Lemmon

Aaron
    $1000 2
Indianapolis

Aaron
    $1000 11
scree

Ken
    $1000 30
PVC

Andrew

Scores at the first commercial break (after clue 15):

Aaron Andrew Ken
$3,200 $200 $3,200

Scores at the end of the Jeopardy! Round:

Aaron Andrew Ken
$9,800 $2,400 $4,800

Double Jeopardy! Round responses

HORSE & WRITER
PAINTINGS
SOLDIERING ON
MOVIES
A SYSTEM OF GRAFT
"T-N-T"
(Mike: Each response starts and ends with a "T" and has an "N" in the middle.)
    $400 22
Irving

Andrew
    $400 28
Poker

Aaron
    $400 29
Lee

Andrew
    $400 21
Skywalker

Aaron
    $400 20
potatoes

Aaron
    $400 3
turbulent

Andrew
    $800 26
James Fenimore Cooper

Triple Stumper
    $800 27
Toulouse-Lautrec

Aaron
    $800 30
Eisenhower

Andrew
    $800 12
Chucky

Ken
    $800 25
oranges

Andrew
    $800 7
turncoat

Andrew
    $1200 24
Samoa

Ken
    $1200 15
Vermeer

Andrew
    $1200 4
Julius Caesar

Andrew
    $1200 10
Sharon Tate

Triple Stumper
    $1200 16
Red Delicious & Golden Delicious

Ken
    $1200 9
(Mike: He was known as "Big T".)

a trombonist

Triple Stumper
    $3,700 14
(Mike: You have the Daily Double and at an auspicious time. What do you wanna do?)
(Ken: Uh, I'd like to do a different category.)
[Laughter]
(Mike: [Holds finger to ear] Let me check the rules on that; uh, no, we can't do that.)
[Laughter]

Tolstoy

Ken
    $1600 11
(Winslow) Homer

Andrew
    $1600 2
Idi Amin

Aaron
    $1600 8
The Goonies

Ken
    $1600 17
stonefruit

Ken
    $1600 18
a transept

Ken
    $2000 13
Zane Grey

Triple Stumper
    $2,500 5
Goya

Andrew
    $2000 1
Cornwallis

Andrew
    $2000 6
Altman

Aaron
    $2000 23
scion

Ken
    $2000 19
Tashkent

Aaron

Scores at the end of the Double Jeopardy! Round:

Aaron Andrew Ken
$17,400 $14,500 $18,500

[wagering suggestions for these scores]

Final Jeopardy! Round responses

BUSINESS HISTORY
AndrewWhat is Avon?
$5,000
AaronWhat is Avon?
$11,827
KenWhat is MAC? :(
$16,301
Avon

Final scores:

Aaron Andrew Ken
$29,227 $19,500 $2,199
2-day champion: $51,254 2nd place: $2,000 3rd place: $1,000

Game dynamics:

Coryat scores:

Aaron Andrew Ken
$16,000 $14,000 $16,400
22 R
(including 1 DD),
0 W
17 R
(including 1 DD),
3 W
16 R
(including 1 DD),
0 W

Combined Coryat: $46,400

The J! Archive is created by fans, for fans. The Jeopardy! game show and all elements thereof, including but not limited to copyright and trademark thereto, are the property of Jeopardy Productions, Inc. and are protected under law. This website is not affiliated with, sponsored by, or operated by Jeopardy Productions, Inc. Join the discussion at JBoard.tv.